000 00356 a2200133 4500
000 nam a22 7a 4500
100 _aAishwarya Arya
110 _aAishwarya Arya
245 _aIntroduction to Hotel and Hospitality Management
250 _aLatest edition
260 _bShubham Publication
_c2023
264 _bShubham Publication
_c2023
942 _cBK
999 _c395669
_d395669